Giáo trình đọc - ghi nhạc Tập 1 Giáo trình đọc - ghi nhạc

Bewaard in:
Bibliografische gegevens
Hoofdauteur: Phạm Thanh Vân
Andere auteurs: Nguyễn Hoành Thông
Formaat: Boek
Taal:Vietnamese
Gepubliceerd in: H. Đại học Sư phạm 2011
Editie:Tái bản lần thứ nhất
Onderwerpen:
Tags: Voeg label toe
Geen labels, Wees de eerste die dit record labelt!
Thư viện lưu trữ: Mạng thư viện Đại học Đà Nẵng
LEADER 01301nam a2200361 4500
001 000024211
003 20692
005 20161024161026.0
008 161021s2011 viesd
020 |c 50000đ 
041 0 |a vie 
082 1 4 |a 781.4  |b PH-V 
100 1 |a Phạm Thanh Vân 
245 1 0 |a Giáo trình đọc - ghi nhạc  |c Phạm Thanh Vân, Nguyễn Hoành Thông  |n Tập 1  |p Giáo trình đọc - ghi nhạc 
250 |a Tái bản lần thứ nhất 
260 |a H.  |b Đại học Sư phạm  |c 2011 
300 |a 268 tr.  |c 24 cm. 
500 |a Đầu bìa sách ghi: Bộ Giáo dục và Đào tạo. Dự án Đào tạo Giáo viên THCS. 
650 0 4 |a Âm nhạc  |v Giáo trình 
653 |a Ghi nhạc 
653 |a Tiết tấu 
700 1 |a Nguyễn Hoành Thông 
773 |t Giáo trình Đọc - Ghi nhạc  |w 5861 
OWN |a LSP 
AVA |a UDN50  |b LSP  |d 781.4 PH-V  |e check_holdings  |t Error 5003 Not defined in file expand_doc_bib_avail.  |h N  |k 1 
999 |a From the UDN01 
AVA |a UDN50  |b LSP  |d 781.4 PH-V  |e available  |t Error 5001 Not defined in file expand_doc_bib_avail.  |f 30  |g 0  |h N  |i 2  |k 1 
TYP |a Monograph 
TYP |a Printed language 
980 |a Mạng thư viện Đại học Đà Nẵng